| 000 | 00988nac a22002291u 4500 | ||
|---|---|---|---|
| 010 | _a 00039879 | ||
| 020 | _a081333747X (pbk. : alk. paper) | ||
| 082 | 0 | 0 |
_a337.8 _bW3791 |
| 090 |
_c2096 _d2096 |
||
| 100 | _aWeaver, Frederick Stir | ||
| 245 | 1 | 0 |
_aLatin America in the world economy : _bmercantile colonialism to global capitalism / _cFrederick Stirton Weaver. |
| 260 |
_aBoulder, CO : _bWestview Press,2000 _c2000. |
||
| 300 |
_axvii, 252 p. ; _c23 cm. |
||
| 490 | 1 | _aLatin American perspectives | |
| 504 | _aIncludes bibliographical references (p. [211]-240) and index. | ||
| 651 | 0 |
_aLatin America _xForeign economic relations. |
|
| 651 | 0 |
_aLatin America _xEconomic conditions. |
|
| 651 | 0 |
_aLatin America _xEconomic policy. |
|
| 830 | 0 | _aLatin American perspectives (Boulder, Colo.) | |
| 942 |
_cBB _k337.8W3791 |
||
| 999 |
_c2096 _d2096 |
||